000 01384cam a2200133 4500500
005 20260405003559.0
041 _afre
042 _adc
100 1 0 _aCosme, Pierre
_eauthor
245 0 0 _aLivie : Impératrice de Rome
260 _bPresses Universitaires de France,
_c2025.
520 _aLivie est encore une figure méconnue de l’Antiquité. À côté de Messaline et d’Agrippine, elle semble faire un peu pâle figure. Pourtant, tous les empereurs qui se succèdent, de Tibère à Néron, sont ses descendants. Issue d’une des plus nobles lignées de la République romaine, elle divorce pour devenir l’épouse de celui qui allait devenir l’empereur Auguste. Présentée comme un coup de foudre, leur union sert les intérêts de l’héritier de César, qui gagne ainsi l’appui de familles illustres. Livie elle-même est-elle la parfaite épouse romaine, parée de toutes les vertus ou bien une intrigante ? C’est la complexité de ce personnage que Pierre Cosme se propose d’explorer, en restituant aussi le mode de vie, les goûts et les ambitions de celle qui allait détenir pour longtemps le pouvoir suprême, jusqu’à devenir la véritable impératrice de Rome. Un destin oublié de l’Histoire et la toute première biographie consacrée à Livie.
856 4 1 _uhttps://shs.cairn.info/livie--9782130841937?lang=fr&redirect-ssocas=7080
999 _c2068947
_d2068947